載入...

Industrial biotechnology in Europe : issues for public policy /

書目詳細資料
其他作者: Davies, Duncan
格式: Printed Book
出版: London ; Dover, N.H. : F. Pinter, 1986.
主題:
LEADER 00796cam a2200169 a 4500
999 |c 270474  |d 270474 
020 |a 0861876482 : 
082 0 0 |a 338.4  |b IND 
245 0 0 |a Industrial biotechnology in Europe :  |b issues for public policy /  |c edited by Duncan Davies. 
260 |a London ;  |a Dover, N.H. :  |b F. Pinter,  |c 1986. 
300 |a xiv, 156 p. :  |b ill. ; 
500 |a Summaries and proceedings of a conference organized by the Centre for European Policy Studies and sponsored by the Commission of the European Communities, held in Brussels on 7-9 Nov. 1985. 
504 |a Includes bibliographies. 
650 0 |a Biotechnology industries  |z Europe 
700 1 |a Davies, Duncan. 
942 |c BK 
952 |0 0  |1 0  |4 0  |6 338_400000000000000_IND  |7 0  |9 287202  |a DFS  |b DFS  |d 2020-02-07  |l 0  |o 338.4 IND  |p DFS307  |r 2020-02-07  |w 2020-02-07  |y BK